Parable of the Fishing Net - Bible Quiz - Statistics

General Stats
  • This quiz has been taken 5 times
  • The average score is 6 of 9
Answer Stats
Hint Answer % Correct
that was let down into the lake and caught all kinds of ____. fish
100%
When it was ____, the fishermen pulled it up on the shore. full
100%
"'Once again the kingdom of heaven is like a ___ net
100%
where there will be weeping and gnashing of _____.'" teeth
80%
but threw the ___ away. bad
60%
This is how it will be at the ___ of the age. end
60%
Then they sat down and collected the ____ fish in baskets, good
60%
The angels will come and separate the ______ from the righteous wicked
40%
and throw them into a blazing _______, furnace
20%
No matching quizzes found
Score Distribution
Percent of People with Each Score
Percentile by Number Answered
Your Score History
You have not taken this quiz